| 000 | 00970nam a22002297a 4500 | ||
|---|---|---|---|
| 005 | 20250604125502.0 | ||
| 010 | _aENG-145182 | ||
| 020 |
_a9789381904701 _c371.00 |
||
| 035 | _aEN-128714 | ||
| 037 | _bDBAD | ||
| 082 | _a327.73054 | ||
| 100 |
_aRe Evaluating US Foreign Policy Towards Asia _981650 |
||
| 245 | _aRe Evaluating US Foreign Policy Towards Asia | ||
| 260 |
_aNew Delhi _bKalpana Shukla, KW Publishers _c2013 |
||
| 270 |
_a4676/21, Ansari Road, Daryaganj _bNew Delhi _e110002 |
||
| 300 |
_a123p. _c23cm [pb] |
||
| 700 |
_aStuward J, Jerom _981642 |
||
| 700 |
_aGugan S, Sri _981643 |
||
| 700 |
_aKanniga, T _981644 |
||
| 700 |
_aEmisa, I _981645 |
||
| 942 |
_2ddc _cEN _mREE _h327.73054 |
||
| 999 |
_c211577 _d211577 |
||